000 00727nam a2200241 a 4500
008 951123s1985||||[C 0 slo c
020 _c26 Kčs.
_q(25000 výtl.)
040 _aSNK
_bslo
_cSNK
_eAACR2
041 1 _aslo
_hger
044 _axo
_cSK
080 _a830-3
100 1 _aMann, Thomas
_4aut
245 1 0 _aLota vo Weimare
_cThomas Mann ; Nora Krausová, Nora Krausová, Dušan Grečner
250 _a1., vyd.
260 _aBratislava
_bSlovenský spisovateľ
_c1985
_eBratislava
_fPravda
300 _a344 s., 20,75 AH
_c21 cm
490 0 _aSPKK
_vZv. 447.
500 _aRozlož. tit. list.
700 1 _aKrausová, Nora
_4trl
700 1 _aKrausová, Nora
_4[ADC]
700 1 _aGrečner, Dušan
_4bkd
958 _aA
999 _c12306
_d12306